000 00638cab a2200229 4500
001 ABS42403
008 090401t1990 xxu||||| |||| 00| 0 eng d
035 _a(Sirsi) u36594
041 _aeng
100 _aThomas, W. et al
245 _aAll roads lead to Berlin
260 _c1990
350 _a0
490 _aWorld Property
_vMarch 1990, 6-7(2)
520 _aDiscussion of the likely effects of German reunification on property in East and West Germany focusing on Berlin .
650 _aEAST GERMANY
650 _aEASTERN EUROPE
650 _aFRANKFURT
690 _aOVERSEAS-EUROPE
942 _n0
948 _c04/03/1997
999 _c23712
_d23712